00388nam a2200181Ia 4500003000900000008004100009040001300050040001300063041000800076100002200084245002900106250001200135260002100147260000900168300000800177490001500185490000600200IT-RoPAU120407s9999 xx 000 0 und d aIT-RoPAU cIT-RoPAU aita aJean-Marie Aubert aIl giovane e la scienza. aCatania aEdizioni Paoline c1963 c cm aGioventù v1